Milli mücadele ve Çanakkale zaferi (Record no. 634)

MARC details
000 -BAŞLIK
Sabit Uzunlukta Kontrol Alanı 00806na a2200241 4500
001 - KONTROL NUMARASI
Denetim Alanı 16705
003 - KONTROL NUMARASI IDENTIFIER
Denetim Alanı MIRAKIL
005 - SON İŞLEM TARİHİ VE ZAMANI
Denetim Alanı 20181213154756.0
008 - SABİT-BOY VERİ ELEMANLARI - GENEL BİLGİLER
Sabit Uzunlukta Kontrol Alanı 161013b tu 000 0
035 ## - SİSTEM KONTROL NUMARASI
Sistem Kontrol Numarası 16705
040 ## - KATALOGLAMA KAYNAK
Orijinal Kataloglama Ajansı Milas
Kataloglama Dili tur
Metne Dönüştürmek Ajansı TR-AnCHP
041 ## - DİL KODU
Metin / Ses Parça Veya Ayrı Başlığın Dil Kodu tur
082 ## - DEWEY ONLU SINIFLANDIRMA NUMARASI
Sınıflandırma Numarası 956.101543
Ürün Numarası M54 2006
090 ## - SINIFLAMA NUMARASI
Sınıflama Numarası 956.101543 M54 2006
245 ## - BAŞLIK TABLOSU
Başlık Milli mücadele ve Çanakkale zaferi
Sorumluluk Tablosu, Vb [Anadolu Kulübü Derneği]
260 ## - YAYIN, DAĞITIM, VB
Yayın, Dağıtım, Vb Yeri Ankara
Yayıncı, Dağıtıcı, Vs Adı Anadolu Kulübü Derneği Yayınları
Yayın, Dağıtım, Vb Tarihi 2006
300 ## - FİZİKSEL TANIM
Kapsam 51 s.
Diğer Fiziksel Ayrıntıları rnkl. fotg.
Boyutlar 28 sm.
440 ## - SERİSİ TABLOSU / KATMA GİRİŞİ - BAŞLIK
Başlık Anadolu Kulübü Derneği Yayınları
Hacim / Ardışık Tanımı 3
500 ## - GENEL NOT
Genel Not yapıt adı bşında : Atatürk'ün 125. doğum yıldönümü anısına
600 ## - KONU KATMA GİRİŞ - KURUMSAL ADI
Kişisel Ad Özakman, Turgut
Genel Alt Bölümü Kurtuluş Savaşı
Kronolojik Alt Bölümü Konferanslar
650 ## - KONU KATMA GİRİŞ - TOPİKAL DÖNEM
Topikal Süreli Veya Coğrafi Ad Giriş Elemanı Çanakkale Savaşları
Genel Alt Bölümü Toplantılar
942 ## - EKLENDİ GİRİŞ ELEMANLARI (KOHA)
Sınıflandırma Veya Raf Düzeni Kaynak
Koha Öğesi Türü Books
999 ## - SİSTEM KONTROL NUMARALARI (KOHA)
Koha Biblionumber 634
Koha Biblioitemnumber 634
Holdings
Kalıcı Konum Mevcut Konum Edinme Tarihi Edinim Kaynak Toplam Check-Out'Lar Tam Çağrı Numarası Barkod Tarih Son Görülme İtibaren Geçerli Fiyatlar Koha Öğesi Türü
CHP Kütüphanesi CHP Kütüphanesi 10/10/2016 Bağış   956.101543 M54 2006 006691 10/10/2016 10/10/2016 Books